| 000 | 00549nam a2200169 i 4500 | ||
|---|---|---|---|
| 001 | 39955 | ||
| 003 | ES-MaACL | ||
| 005 | 20230906160117.0 | ||
| 007 | t| | ||
| 008 | 030304s1973 sp ||||1| spa d | ||
| 100 | 1 |
_aCarroll, Grady C. _935840 |
|
| 245 | 1 | 0 |
_aManual de servicio de instrumentación industrial / _cGrady C. Carroll ; [revisión técnica José R. Valdés Prado]. |
| 260 |
_aBarcelona, etc. : _bLabor, _c[1973] |
||
| 300 |
_a2 v. : _bil. ; _c23 cm. |
||
| 700 | 1 |
_aValdés Prado, José R. _9112529 |
|
| 852 |
_aES-MaACL _jP-1674 _bR.86935 |
||
| 999 |
_c39955 _d39955 |
||